First Word Animated TV Shows II Quiz Stats

Quiz Updated Mar 2, 2018

Challenge
Share
Tweet
Embed
Score 0/30 Timer 04:00
11 Plays Today
First Word % Correct
Bob
92.1%
Clifford
87.9%
Strawberry
85.6%
Phineas
82.5%
Dexter's
82.3%
Scooby-Doo,
74.2%
Josie
74%
Teen
72.5%
Speed
71.5%
Tiny
60.6%
Doc
60.1%
As
60%
Cow
52.2%
Jonny
50.1%
Space
48.3%
First Word % Correct
Sailor
48.2%
Invader
48%
Max
45%
Rainbow
45%
Gravity
42.8%
Danny
42.3%
Goof
40.5%
Jem
39.8%
Aaahh!!!
39.3%
Attack
37.4%
Wacky
36.4%
2
32.2%
Steven
31.2%
She-Ra:
27.4%
Rocket
17.7%

You're not logged in!

Compare scores with friends on all Sporcle quizzes.
Sign Up with Email
OR
Log In

You Might Also Like...

Show Comments

Extras

Top Quizzes Today


Score Distribution

Your Account Isn't Verified!

In order to create a playlist on Sporcle, you need to verify the email address you used during registration. Go to your Sporcle Settings to finish the process.

Report this User

Report this user for behavior that violates our Community Guidelines.

Details: